Quizzes
Events
Quiz Creation
Community
Videos
Private Events
Remove Ads
Sign In
Join for FREE
Feedback
Dark Mode
Quiz Categories
Sports
Geography
Music
Movies
Television
Just For Fun
Miscellaneous
History
Literature
Language
Science
Gaming
Entertainment
Religion
Holiday
For Kids
Quiz Lab
Recent
Popular Today
Quiz Kudos Today
Editor Picks
Curator Picks
Quizzes by...
Day
Popularity
Type
Ratings
Length
Year
Community
Subscriptions
Recent Discussions
Orange Saloon
Badges
Playlists
Quests
Create
Leaderboards
Showdown
Live 5
Trivia Bingo
Activity
Puzzle Library
Sporcle Events
Private Events
Virtual Trivia
Globe League
Become a Host
Pub Owners
SporcleCon
Opinionation
Our Games
Videos
Blog
Mobile Apps
Partnerships
Remove Ads and Go Orange
Feedback
Geography
Country
Landmarks
City
State
Population
World
Capital
Continent
Flags
Europe
Africa
Asia
South America
North America
Oceania
Border
Canada
United Kingdom
Topography
United States
Geography
Country
Landmarks
City
State
Population
World
Capital
Continent
Flags
Europe
Africa
Asia
South America
North America
Oceania
Border
Canada
United Kingdom
Topography
United States
Random Quiz
Search Sporcle
×
Quiz Lab
Quiz Lab
Geography
Population
Type in answers that appear in a list
Type in answers that appear in a list
Classic
Best Score? Go Orange.
British islands by population Stats
Can you name the largest islands of the British Isles by population?
By
Aberchild
6m
25 Questions
329 Plays
329 Plays
329 Plays
Comments
Comments
Give Quiz Kudos
Give Quiz Kudos
-
- Ratings
hide this ad
More Info
Replay
Link that replays current quiz
Next Quiz
Link to next quiz in quiz playlist
You Got
0%
They Got
Avg Score
57%
Avg Friend Score
Upgrade to see
Score Distribution
Jump to the score distribution portion of the page
Score
0/25
Timer
06:00
0
Plays Today
Rank
Island
% Correct
2
Ireland
94.5%
1
Great Britain
93.9%
6
Isle of Man
93.3%
4
Isle of Wight
93%
5
Jersey
79%
8
Guernsey
78.1%
7
Isle of Anglesey
77.5%
12
Mainland (Shetland)
77.5%
18
Isle of Skye
77.2%
14
Mainland (Orkney)
74.8%
11
Lewis and Harris
66.3%
23
Isle of Mull
64.7%
21
Isle of Arran
60.2%
Rank
Island
% Correct
24
Alderney
49.8%
9
Isle of Sheppey
48.6%
22
Islay
45.3%
10
Canvey Island
40.4%
3
Portsea Island
40.1%
20
Isle of Bute
40.1%
25
South Uist
37.7%
13
Hayling Island
27.1%
15
Holy Island
24.3%
16
Great Island (Cork Harbour)
17.9%
19
Mersea Island
17.3%
17
Walney Island
16.1%
Quiz Playlist
Details
Report
Send in Message
Add To Playlist
More Info:
Former islands that are now connected to mainland (e.g. Isle of Dogs, Isle of Thannet) are not included.
Classic:
Type in answers that appear in a list
Last Updated: Feb 16, 2017
Quiz Scoreboard
CHALLENGE
Sign Up to Join the Scoreboard
Show All
Scores
Hide
Comments
May contain spoilers
Recently Published
Alphabetical 'K' Countries by Flag Minefield
by ylime102
Geography
3m
Pick 6: Fruits
by JohnFran
Miscellaneous
15s
Click the 1999 NBA Draft
by nibperrychub
Sports
2m
More to Explore
Quiz From the Vault
Featured Blog Post
15 Basketball Trivia Facts You Can Be March Mad About
hide this ad
You Might Also Like...
Tags
Population Quiz
island
UK
Today's Top Quizzes in Geography
Browse Geography
hide this ad
Today's Top Quizzes in Population
Browse Population
Top Contributed Quizzes in Geography
1
Countries of the World - No Outlines Minefield
2
Pick 6: Mountains
3
Lietuvos savivaldybės (Lithuanian Municipalities)
4
Alphabetical 'L' Countries By Flag Minefield
5
Least Populated Answer: 'G' Countries
6
Alphabetical 'M' Countries By Flag Minefield
7
Pick 6: National Parks
8
Pick 6: US States
9
African Flag Reveal XXXVI
10
Find the Landmarks A-Z
Explore More
Trending Topics
Anime
Marvel
Crossword
NBA
Disney
Harry Potter
Kpop
Puzzle
NFL
The Office
Pokémon
Country
WWE
Song
Soccer
hide this ad
More By:
Aberchild
Quiz
Plays
Rating
Category
Featured
Created
UK river cities
1,635
4.00
Geography
May 30, 2010
Find the Caribbean Islands
1,223
2.00
Geography
Nov 20, 2016
Along the A1 road (UK)
856
3.75
Geography
May 31, 2010
Smallest Counties of England
597
4.88
Geography
Jun 8, 2010
Girls Aloud top 10 UK singles
479
4.67
Music
May 31, 2010
Go to Creator's Profile
Score Distribution
Quiz Creator Spotlight
Aberchild
Follow
Send a Message
Quizzes Created
-
Created Quiz Play Count
-
More By This Creator
Popular Quizzes Today
1
Countries of Asia Without Outlines Minefield
2
Find the US States - No Outlines Minefield
3
Pick 6: Fruits
4
Alphabetical 'K' Countries by Flag Minefield
5
The Countries of the World
6
Find the US States
7
US States
8
Match the Book to the Film X
More Geography Quizzes
Pixel Art - European Flag #26
Quiz Lab
Trending Quizzes
Pick 6: Mountains
Pick 6: Harry Potter
Pick 6: NFL Teams
Pick 6: Movie Franchises
Pick 6: Golfers
Recently Updated
NWSL Teams
pecheneg
Women's Final Four Teams by Year
bhenderson79
Presidents Quartet II
eogle
Anything But Clue(do)
eogle
Anything But Oceanian Capitals
eogle
Anything But 7
eogle
Anything But Thing
eogle
Word Ladder: February 29
pecheneg
Song Title Questions
pecheneg
Women's NCAA Tournament #1 Seeds
pecheneg
Trending Topics
Anime
Kpop
Crossword
Harry Potter
Marvel
Disney
NBA
Song
Soccer
WWE
Country
Puzzle
Pokémon
NFL
The Office
Your Account Isn't Verified!
In order to create a playlist on Sporcle, you need to verify the email address you used during registration. Go to your
Sporcle Settings
to finish the process.
Report this User
Report this user for behavior that violates our
Community Guidelines
.
Details:
Send Report
Go to the Sporcle.com Mobile Site →
Comments